00395pab a2200133 454500008004000000100002100040245007000061260000900131300001500140362000800155650004400163650002800207773002600235180718b2003 xxu||||| |||| 00| 0 eng d aMcConnell, Allan aOverview: crisis management, influences, responses and evaluation c2003 ap.393-409. aJul aGreat Britain - Politics and government aPolitics and government aParliamentary Affairs